[Event "Kent Oliver mem."]
[Site "Winnipeg CAN"]
[Date "2004.01.18"]
[Round "5"]
[White "Kaptsan, Aron"]
[Black "Vincent, Trevor"]
[Result "1/2-1/2"]
[WhiteElo "1941"]
[BlackElo "2010"]
[PlyCount "65"]
[GameId "2160767911200644"]
[EventDate "2004.01.16"]
[EventType "swiss"]
[EventRounds "5"]
[EventCountry "CAN"]
[SourceTitle "EXT 2005"]
[Source "ChessBase"]
[SourceDate "2004.11.15"]
[SourceVersion "1"]
[SourceVersionDate "2004.11.15"]
[SourceQuality "1"]

1. d4 Nf6 2. c4 e5 3. dxe5 Ng4 4. Nf3 Bc5 5. e3 Nc6 6. Be2 O-O 7. O-O Re8 8. a3 a5 9. b3 Ngxe5 10. Bb2 Nxf3+ 11. Bxf3 Ne5 12. Nc3 Ra6 13. Ne4 Bf8 14. Ng3 Qf6 15. Be4 Qh4 16. Bxe5 Rxe5 17. Qd4 Rh6 18. h3 d6 19. Bf3 Qf6 20. Bg4 Bxg4 21. Qxg4 Qe6 22. Qxe6 Rhxe6 23. Rfd1 g6 24. Rd5 c6 25. Rd3 f5 26. Rad1 Kf7 27. a4 Re8 28. Ne2 Ke6 29. Nd4+ Kd7 30. Nf3 Rc5 31. R3d2 Kc7 32. Ne1 Rce5 33. Nf3 1/2-1/2

[Event "Kent Oliver mem."]
[Site "Winnipeg CAN"]
[Date "2004.01.18"]
[Round "5"]
[White "Katona, John"]
[Black "Rutter, Blair"]
[Result "1-0"]
[WhiteElo "1839"]
[BlackElo "1711"]
[PlyCount "85"]
[GameId "2160767911200645"]
[EventDate "2004.01.16"]
[EventType "swiss"]
[EventRounds "5"]
[EventCountry "CAN"]
[SourceTitle "EXT 2005"]
[Source "ChessBase"]
[SourceDate "2004.11.15"]
[SourceVersion "1"]
[SourceVersionDate "2004.11.15"]
[SourceQuality "1"]

1. e4 e6 2. d4 d5 3. Nd2 Nf6 4. e5 Nfd7 5. Bd3 c5 6. c3 Nc6 7. Ne2 Qb6 8. Nf3 Be7 9. O-O f6 10. Nf4 Nf8 11. exf6 Bxf6 12. Re1 Ne7 13. dxc5 Qxc5 14. Qe2 Bd7 15. Ne5 O-O-O 16. Nxd7 Rxd7 17. Nxe6 Nxe6 18. Qxe6 Rf8 19. Be3 d4 20. cxd4 Qa5 21. b4 Qa4 22. Bc2 Qa3 23. Qb3 Qa6 24. Bd3 Qd6 25. Rac1+ Kb8 26. Be4 Ng8 27. Bf5 Re7 28. Qc2 Ree8 29. Qd2 g5 30. d5 Nh6 31. Bc5 Qf4 32. Qxf4+ gxf4 33. Bd6+ Ka8 34. Bxf8 Rxf8 35. Be6 a6 36. Rc8+ Rxc8 37. Bxc8 Nf7 38. Be6 Nd6 39. h3 Nb5 40. g4 fxg3 41. fxg3 Bc3 42. Re4 Nd4 43. d6 1-0

[Event "Kent Oliver mem."]
[Site "Winnipeg CAN"]
[Date "2004.01.18"]
[Round "5"]
[White "Nair, Krishnan"]
[Black "Mor, Shai"]
[Result "0-1"]
[WhiteElo "1245"]
[BlackElo "1497"]
[PlyCount "44"]
[GameId "2160767911200646"]
[EventDate "2004.01.16"]
[EventType "swiss"]
[EventRounds "5"]
[EventCountry "CAN"]
[SourceTitle "EXT 2005"]
[Source "ChessBase"]
[SourceDate "2004.11.15"]
[SourceVersion "1"]
[SourceVersionDate "2004.11.15"]
[SourceQuality "1"]

1. e4 e5 2. Nf3 Nc6 3. Bc4 Bc5 4. O-O Nge7 5. Ng5 d5 6. Bb3 O-O 7. Qf3 Nd4 8. Qd3 f5 9. exf5 Bxf5 10. Qe3 Nxb3 11. Qxb3 Ng6 12. d3 h6 13. Nf3 Kh7 14. Nfd2 Nf4 15. Re1 Qg5 16. g3 Nh3+ 17. Kf1 Nxf2 18. Nf3 Bh3+ 19. Ke2 Qf5 20. Qxd5 Bg4 21. Nbd2 Bd4 22. c3 Qxd3# 0-1

[Event "Kent Oliver mem."]
[Site "Winnipeg CAN"]
[Date "2004.01.18"]
[Round "5"]
[White "Nikouline, Alexandre"]
[Black "Khedkar, Jay S"]
[Result "1-0"]
[WhiteElo "1997"]
[BlackElo "1926"]
[PlyCount "95"]
[GameId "2160767911200647"]
[EventDate "2004.01.16"]
[EventType "swiss"]
[EventRounds "5"]
[EventCountry "CAN"]
[SourceTitle "EXT 2005"]
[Source "ChessBase"]
[SourceDate "2004.11.15"]
[SourceVersion "1"]
[SourceVersionDate "2004.11.15"]
[SourceQuality "1"]

1. e4 c5 2. Nf3 d6 3. d4 cxd4 4. Nxd4 Nf6 5. Nc3 a6 6. Bg5 e6 7. f4 Nbd7 8. Qf3 Qc7 9. O-O-O b5 10. Bd3 Bb7 11. Rhe1 Rc8 12. Nd5 Nxd5 13. exd5 Nc5 14. f5 e5 15. f6 Nxd3+ 16. Rxd3 h6 17. Rc3 Qd7 18. fxg7 Bxg7 19. Rxc8+ Bxc8 20. Bf6 O-O 21. Nc6 Qg4 22. Ne7+ Kh8 23. Rf1 Qxf3 24. Rxf3 Bd7 25. h3 Re8 26. Bh4 Rf8 27. g4 Kh7 28. Nf5 Bxf5 29. Rxf5 f6 30. Be1 Rd8 31. Bb4 Kg6 32. Rf3 h5 33. gxh5+ Kxh5 34. Kd1 Kg6 35. Rg3+ Kf7 36. Ra3 f5 37. Rxa6 e4 38. Rxd6 Rxd6 39. Bxd6 Bxb2 40. Kd2 Bd4 41. Bf4 Ke7 42. h4 Bf2 43. h5 Bd4 44. c3 Bf6 45. h6 Kd7 46. h7 Ke8 47. Kc2 Kd7 48. Be3 1-0

[Event "Kent Oliver mem."]
[Site "Winnipeg CAN"]
[Date "2004.01.18"]
[Round "5"]
[White "Wasney, Mark"]
[Black "Gannon, Keith"]
[Result "1-0"]
[WhiteElo "1709"]
[BlackElo "1583"]
[PlyCount "109"]
[GameId "2160767911200648"]
[EventDate "2004.01.16"]
[EventType "swiss"]
[EventRounds "5"]
[EventCountry "CAN"]
[SourceTitle "EXT 2005"]
[Source "ChessBase"]
[SourceDate "2004.11.15"]
[SourceVersion "1"]
[SourceVersionDate "2004.11.15"]
[SourceQuality "1"]

1. d4 g6 2. c4 Nf6 3. Nc3 Bg7 4. e4 O-O 5. Bd3 Nc6 6. Nge2 d6 7. O-O a6 8. Bg5 Bg4 9. f3 Bd7 10. Qd2 Nb4 11. Bb1 Ne8 12. a3 Nc6 13. Ba2 Bf6 14. Bh6 Bg7 15. Bg5 f6 16. Bh6 Bxh6 17. Qxh6 e5 18. c5+ Rf7 19. Bxf7+ Kxf7 20. cxd6 Nxd4 21. f4 Nxe2+ 22. Nxe2 Bb5 23. dxc7 Qxc7 24. Rae1 Kg8 25. Rf3 Bxe2 26. Rxe2 Qc1+ 27. Rf1 Qc5+ 28. Kh1 Rd8 29. fxe5 Qxe5 30. h3 Rd4 31. Qf4 Qb5 32. Rfe1 Qd7 33. Qf2 b5 34. e5 f5 35. e6 Qd6 36. e7 f4 37. Qf3 g5 38. Re6 Qd7 39. Qh5 Rd5 40. Qh6 Rf5 41. Kh2 f3 42. gxf3 Qd2+ 43. Kh1 Rxf3 44. Qh5 Rf7 45. Qe2 Qd5+ 46. Qe4 Qb3 47. Re3 Qxb2 48. Rxa6 Qg7 49. Ra8 h6 50. Qe6 Qf6 51. Rxe8+ Kg7 52. Qe5 Qxe5 53. Rxe5 Rf3 54. Ra8 Rxh3+ 55. Kg2 1-0

[Event "Kent Oliver mem."]
[Site "Winnipeg CAN"]
[Date "2004.01.18"]
[Round "5"]
[White "Zaczek, Jonathon"]
[Black "Still, Graham"]
[Result "1-0"]
[WhiteElo "1816"]
[BlackElo "1301"]
[PlyCount "63"]
[GameId "2160767911200649"]
[EventDate "2004.01.16"]
[EventType "swiss"]
[EventRounds "5"]
[EventCountry "CAN"]
[SourceTitle "EXT 2005"]
[Source "ChessBase"]
[SourceDate "2004.11.15"]
[SourceVersion "1"]
[SourceVersionDate "2004.11.15"]
[SourceQuality "1"]

1. e4 e6 2. d4 d5 3. Nc3 Nf6 4. Bg5 Bb4 5. e5 Nbd7 6. exf6 Nxf6 7. a3 Bd6 8. Bd3 h6 9. Bd2 c5 10. Nf3 Bd7 11. Nb5 Be7 12. dxc5 Bxc5 13. O-O Qb6 14. Qe2 Ne4 15. Nc3 Nxd2 16. Qxd2 Qd6 17. Rfe1 O-O 18. Ne5 f6 19. Nxd7 Qxd7 20. Bb5 Qd6 21. Ba4 Rad8 22. Bb3 Rfe8 23. Rad1 Kh8 24. Qd3 a6 25. Qg6 Qb6 26. Rd2 a5 27. Na4 Qd6 28. Nxc5 Qxc5 29. Bxd5 Qb5 30. Be4 f5 31. Rxd8 Rxd8 32. Bd3 1-0

[Event "Keres"]
[Site "Charlesbourg CAN"]
[Date "2004.04.19"]
[Round "5"]
[White "Lessard, Claude"]
[Black "Fecteau, Martin"]
[Result "1/2-1/2"]
[WhiteElo "2016"]
[BlackElo "2013"]
[PlyCount "100"]
[GameId "2160767911183538"]
[EventDate "2004.03.22"]
[EventType "swiss"]
[EventRounds "5"]
[EventCountry "CAN"]

1. Nf3 Nf6 2. d4 d5 3. c4 e6 4. g3 c6 5. Bg2 Nbd7 6. cxd5 exd5 7. O-O Bd6 8. Nc3 O-O 9. b3 Qe7 10. a4 a5 11. Bb2 Re8 12. Rc1 Ba3 13. Bxa3 Qxa3 14. Ne1 Ra6 15. Nd3 Rb6 16. Rb1 Ne4 17. Nxe4 dxe4 18. Nf4 Nf6 19. e3 Nd5 20. Nxd5 cxd5 21. f3 exf3 22. Qxf3 Be6 23. e4 dxe4 24. Qxe4 Rd8 25. Qh4 Qd6 26. Rfd1 Rb4 27. Be4 f5 28. Bc2 Rxd4 29. Rxd4 Qxd4+ 30. Qxd4 Rxd4 31. Re1 Kf7 32. Re5 Rd5 33. Re2 Kf6 34. Kf2 g5 35. g4 h6 36. gxf5 Bxf5 37. Bxf5 Rxf5+ 38. Kg3 Rf4 39. Re3 h5 40. h3 h4+ 41. Kg2 g4 42. Rc3 Rb4 43. hxg4 Rxg4+ 44. Kh2 Rg3 45. Rc5 Rxb3 46. Rxa5 b6 47. Rh5 Rb4 48. a5 bxa5 49. Rxa5 Rb3 50. Ra6+ Kg5 1/2-1/2

[Event "Keres"]
[Site "Charlesbourg CAN"]
[Date "2004.04.19"]
[Round "5"]
[White "Plante, Rejean"]
[Black "Sauve, Richard"]
[Result "1-0"]
[WhiteElo "2167"]
[BlackElo "2002"]
[PlyCount "123"]
[GameId "2160767911183539"]
[EventDate "2004.03.22"]
[EventType "swiss"]
[EventRounds "5"]
[EventCountry "CAN"]

1. c4 e6 2. e4 d5 3. cxd5 exd5 4. exd5 Nf6 5. Bb5+ Bd7 6. Qe2+ Qe7 7. Bc4 Bg4 8. Qxe7+ Bxe7 9. f3 Bf5 10. Nc3 O-O 11. Nge2 Nbd7 12. d4 Nb6 13. Bb3 Rad8 14. Bf4 Nfxd5 15. Be5 c6 16. Kf2 Nb4 17. g4 Nd3+ 18. Kg2 Bg6 19. Bc7 Rd7 20. Bxb6 axb6 21. Nd1 Bf6 22. h4 h6 23. d5 Nxb2 24. Nxb2 Bxb2 25. Rad1 c5 26. Nf4 Bh7 27. Bc4 Be5 28. Nd3 Bd6 29. Rhe1 Ra8 30. Re2 Kf8 31. a4 Re7 32. Rxe7 Kxe7 33. Bb5 Rf8 34. Nb2 Kd8 35. Nc4 Kc7 36. Re1 Bg8 37. Ne3 g6 38. Bc4 Re8 39. Bb5 Re7 40. Kf2 f6 41. Rd1 Be5 42. Nc4 Bd6 43. Ne3 Re5 44. Bc4 Bf7 45. Rd3 f5 46. gxf5 gxf5 47. Rd1 f4 48. Ng4 Rh5 49. Nf6 Rxh4 50. Kg2 Kd8 51. Re1 Be7 52. Ne4 Rh5 53. d6 Bxc4 54. dxe7+ Kxe7 55. Ng3+ Kf6 56. Nxh5+ Kg5 57. Nxf4 Bb3 58. Nd5 Bxd5 59. Re5+ Kf4 60. Rxd5 Ke3 61. Rd6 c4 62. Rxb6 1-0

[Event "Keres mem (29th)"]
[Site "Vancouver CAN"]
[Date "2004.05.21"]
[Round "1.1"]
[White "Schemm, Michael"]
[Black "Orlov, Georgi"]
[Result "0-1"]
[WhiteElo "2077"]
[BlackElo "2605"]
[PlyCount "56"]
[GameId "2160767911145752"]
[EventDate "2004.05.21"]
[EventType "swiss"]
[EventRounds "7"]
[EventCountry "CAN"]
[SourceTitle "LesEchecs.com"]
[Source "LesEchecs.com"]
[SourceDate "2003.03.18"]
[SourceVersion "1"]
[SourceVersionDate "2003.01.01"]
[SourceQuality "1"]

1. Nf3 g6 2. g3 Bg7 3. Bg2 Nf6 4. O-O O-O 5. Nc3 d6 6. d4 Nbd7 7. e4 e5 8. dxe5 dxe5 9. Qe2 c6 10. h3 Ne8 11. Rd1 Nc7 12. Bg5 Qe8 13. Rd6 Ne6 14. Be3 Qe7 15. Rad1 Nd4 16. Nxd4 Qxd6 17. Nf5 Qc7 18. Nxg7 Kxg7 19. f4 Re8 20. f5 f6 21. h4 Nb6 22. Qd3 gxf5 23. exf5 e4 24. Nxe4 Bxf5 25. Qd4 Bxe4 26. Bf4 Qd8 27. Bxe4 Qxd4+ 28. Rxd4 c5 0-1

[Event "Keres mem (29th)"]
[Site "Vancouver CAN"]
[Date "2004.05.21"]
[Round "1.2"]
[White "Arapovic, Vitomir"]
[Black "Neufahrt, Gerhard"]
[Result "1-0"]
[WhiteElo "2322"]
[BlackElo "2052"]
[PlyCount "92"]
[GameId "2160767911145753"]
[EventDate "2004.05.21"]
[EventType "swiss"]
[EventRounds "7"]
[EventCountry "CAN"]
[SourceTitle "LesEchecs.com"]
[Source "LesEchecs.com"]
[SourceDate "2003.03.18"]
[SourceVersion "1"]
[SourceVersionDate "2003.01.01"]
[SourceQuality "1"]

1. e4 g6 2. d4 c6 3. Nc3 d5 4. Nf3 Bg4 5. exd5 cxd5 6. h3 Bxf3 7. Qxf3 e6 8. Bf4 a6 9. Be5 f6 10. Bxb8 Rxb8 11. O-O-O Bb4 12. Ne2 Bd6 13. Kb1 Rc8 14. c3 Qc7 15. g4 b5 16. h4 Kf7 17. Nc1 Ne7 18. Bd3 Kg7 19. h5 e5 20. dxe5 Bxe5 21. Ne2 Qb8 22. Qe3 b4 23. f4 bxc3 24. b3 Bd6 25. Nd4 Qb4 26. h6+ Kf8 27. Qe6 Qxd4 28. Qxd6 c2+ 29. Bxc2 Qc3 30. Rc1 Qc6 31. Qa3 Qd7 32. Qxa6 Kf7 33. Qe2 Nc6 34. Qd2 Rhd8 35. g5 Qd6 36. f5 Nb4 37. fxg6+ hxg6 38. h7 Nxa2 39. Bxg6+ Kxg6 40. Rxc8 Rxc8 41. h8=Q Rxh8 42. Rxh8 Nb4 43. Rh6+ Kg7 44. gxf6+ Kf7 45. Rh7+ Kg6 46. Qh6+ Kf5 1-0

[Event "Keres mem (29th)"]
[Site "Vancouver CAN"]
[Date "2004.05.21"]
[Round "1.3"]
[White "Schuetzhold, Ralf"]
[Black "Yoos, John"]
[Result "0-1"]
[WhiteElo "2051"]
[BlackElo "2442"]
[PlyCount "78"]
[GameId "2160767911145754"]
[EventDate "2004.05.21"]
[EventType "swiss"]
[EventRounds "7"]
[EventCountry "CAN"]
[SourceTitle "LesEchecs.com"]
[Source "LesEchecs.com"]
[SourceDate "2003.03.18"]
[SourceVersion "1"]
[SourceVersionDate "2003.01.01"]
[SourceQuality "1"]

1. e4 c5 2. c3 Nf6 3. e5 Nd5 4. d4 cxd4 5. Nf3 e6 6. cxd4 b6 7. Nc3 Nxc3 8. bxc3 Qc7 9. Bd2 Bb7 10. Bd3 d6 11. O-O Nd7 12. Bf4 Be7 13. Re1 Rd8 14. exd6 Bxd6 15. Bxd6 Qxd6 16. Ne5 Nxe5 17. Rxe5 O-O 18. Rc1 g6 19. h4 Qe7 20. Qg4 Qa3 21. Qf4 Rd5 22. h5 Rxe5 23. dxe5 Rd8 24. Bb1 Qb2 25. Qg5 Qd2 26. Qxd2 Rxd2 27. hxg6 hxg6 28. Re1 Kf8 29. Kf1 Ke7 30. Rc1 Ba6+ 31. Kg1 Re2 32. f4 Bb7 33. g4 Rg2+ 34. Kf1 Rxg4 35. c4 Rxf4+ 36. Ke2 Ba6 37. Ke3 Rxc4 38. Rxc4 Bxc4 39. Kf4 f6 0-1

[Event "Keres mem (29th)"]
[Site "Vancouver CAN"]
[Date "2004.05.21"]
[Round "1.4"]
[White "Harper, Bruce"]
[Black "Mandic, Slaven"]
[Result "1-0"]
[WhiteElo "2337"]
[BlackElo "1970"]
[PlyCount "41"]
[GameId "2160767911145755"]
[EventDate "2004.05.21"]
[EventType "swiss"]
[EventRounds "7"]
[EventCountry "CAN"]
[SourceTitle "LesEchecs.com"]
[Source "LesEchecs.com"]
[SourceDate "2003.03.18"]
[SourceVersion "1"]
[SourceVersionDate "2003.01.01"]
[SourceQuality "1"]

1. d4 e6 2. Nf3 f5 3. g3 Nf6 4. Bg2 d5 5. O-O Bd6 6. c4 c6 7. Qc2 O-O 8. b3 Qe7 9. Bb2 Nbd7 10. Nbd2 Ne4 11. Rac1 Ndf6 12. Ne5 Nxd2 13. Qxd2 Ne4 14. Qc2 Rf6 15. f3 Ng5 16. e4 Rh6 17. cxd5 exd5 18. exd5 Bxe5 19. dxe5 cxd5 20. Qc7 Qb4 21. Qd8+ 1-0

[Event "Keres mem (29th)"]
[Site "Vancouver CAN"]
[Date "2004.05.21"]
[Round "1.5"]
[White "Sladek, Vaclav"]
[Black "Gansvind, Valeriya"]
[Result "0-1"]
[WhiteElo "2000"]
[BlackElo "2311"]
[PlyCount "74"]
[GameId "2160767911145756"]
[EventDate "2004.05.21"]
[EventType "swiss"]
[EventRounds "7"]
[EventCountry "CAN"]
[SourceTitle "LesEchecs.com"]
[Source "LesEchecs.com"]
[SourceDate "2003.03.18"]
[SourceVersion "1"]
[SourceVersionDate "2003.01.01"]
[SourceQuality "1"]

1. d4 Nf6 2. c4 e5 3. dxe5 Ng4 4. Nf3 Nc6 5. Bf4 Bb4+ 6. Nbd2 Qe7 7. a3 Ngxe5 8. Nxe5 Nxe5 9. e3 Bxd2+ 10. Qxd2 d6 11. Qc3 b6 12. c5 O-O 13. Rc1 Bf5 14. Bxe5 dxe5 15. Be2 Rfe8 16. O-O h5 17. Rfd1 h4 18. h3 Qg5 19. Kh2 Re6 20. Rg1 Rae8 21. cxb6 cxb6 22. Bb5 Rd8 23. Rcd1 Rxd1 24. Rxd1 Rg6 25. Rg1 Qe7 26. Rd1 Qb7 27. Rg1 Qb8 28. Rc1 Qd6 29. Be2 Qf6 30. Qc7 Bxh3 31. Bf3 Be6 32. Qb8+ Kh7 33. Rg1 h3 34. Be4 Bf5 35. Qb7 Bxe4 36. Qxe4 Qxf2 37. Qf3 Rxg2+ 0-1

[Event "Keres mem (29th)"]
[Site "Vancouver CAN"]
[Date "2004.05.21"]
[Round "1.6"]
[White "Adam, Valerian"]
[Black "Yousefzadeh, Mehrdad"]
[Result "1-0"]
[WhiteElo "2292"]
[BlackElo "1987"]
[PlyCount "101"]
[GameId "2160767911145757"]
[EventDate "2004.05.21"]
[EventType "swiss"]
[EventRounds "7"]
[EventCountry "CAN"]
[SourceTitle "LesEchecs.com"]
[Source "LesEchecs.com"]
[SourceDate "2003.03.18"]
[SourceVersion "1"]
[SourceVersionDate "2003.01.01"]
[SourceQuality "1"]

1. e4 Nf6 2. Nc3 d5 3. exd5 Nxd5 4. Nge2 c6 5. Nxd5 cxd5 6. d4 Bg4 7. c3 e6 8. Qb3 Qd7 9. Bf4 Nc6 10. Ng3 Bd6 11. Bxd6 Qxd6 12. h3 Bf5 13. Nxf5 exf5 14. Be2 O-O-O 15. O-O-O Rhe8 16. Bf3 Kb8 17. Qc2 g6 18. Rhe1 Rc8 19. Qd2 f4 20. Rxe8 Rxe8 21. Re1 Rxe1+ 22. Qxe1 Qe6 23. Qd2 g5 24. Qe2 Kc7 25. Bg4 Qxe2 26. Bxe2 f5 27. Bh5 Kd6 28. Be2 a6 29. Kd2 b5 30. Kd3 Ne7 31. Bf3 Nc6 32. Kc2 Nd8 33. Bh5 Ke6 34. Be2 Kd6 35. a4 Kc6 36. axb5+ axb5 37. Bd3 g4 38. Bxf5 gxh3 39. Bxh3 Nf7 40. Bf5 Ng5 41. Kd3 h5 42. g3 fxg3 43. fxg3 Nf3 44. Ke3 Nh2 45. Bg6 Ng4+ 46. Kf3 Nf6 47. Kf4 Kd6 48. Kg5 Ne4+ 49. Bxe4 dxe4 50. Kf4 Kd5 51. Ke3 1-0

[Event "Keres mem (29th)"]
[Site "Vancouver CAN"]
[Date "2004.05.21"]
[Round "1.7"]
[White "Chan, James"]
[Black "Meng, Fanhao"]
[Result "1-0"]
[WhiteElo "1952"]
[BlackElo "2300"]
[PlyCount "109"]
[GameId "2160767911145758"]
[EventDate "2004.05.21"]
[EventType "swiss"]
[EventRounds "7"]
[EventCountry "CAN"]
[SourceTitle "LesEchecs.com"]
[Source "LesEchecs.com"]
[SourceDate "2003.03.18"]
[SourceVersion "1"]
[SourceVersionDate "2003.01.01"]
[SourceQuality "1"]

1. d4 d5 2. Nc3 Bf5 3. f3 Nf6 4. Bg5 Bg6 5. Nh3 e6 6. e3 c5 7. Bb5+ Nc6 8. O-O Bd6 9. Ne2 Qc7 10. Bf4 e5 11. dxe5 Bxe5 12. c4 Rd8 13. Qc1 d4 14. Bxe5 Qxe5 15. e4 O-O 16. Bxc6 bxc6 17. Rd1 Nd7 18. Nf2 Qe7 19. Nf4 f5 20. Nxg6 hxg6 21. Re1 Qf6 22. b3 Ne5 23. f4 Ng4 24. e5 Qe6 25. Nd3 Qe7 26. Re2 Nf6 27. Qa3 Ne4 28. Rae1 g5 29. g3 Kh8 30. fxg5 Nxg5 31. Nf4 Kh7 32. Kg2 Ne4 33. Nd3 g6 34. Rxe4 fxe4 35. Rxe4 g5 36. Qc1 Qf7 37. Qd1 Qf5 38. Qe2 a5 39. e6 Rde8 40. Re5 Qg6 41. Nxc5 Re7 42. Qg4 Qc2+ 43. Kh3 Kh8 44. Qxd4 g4+ 45. Kxg4 Rg7+ 46. Kh3 Qc1 47. Rh5+ Kg8 48. Qd3 Qb2 49. Ne4 Qa1 50. Qe3 Qf1+ 51. Kh4 Rf5 52. Ng5 Kf8 53. e7+ Rxe7 54. Rh8+ Kg7 55. Qxe7+ 1-0

[Event "Keres mem (29th)"]
[Site "Vancouver CAN"]
[Date "2004.05.21"]
[Round "1.8"]
[White "Kyriakides, Savvas"]
[Black "Steininger, Gavin"]
[Result "1/2-1/2"]
[WhiteElo "1797"]
[BlackElo "1951"]
[PlyCount "106"]
[GameId "2160767911145759"]
[EventDate "2004.05.21"]
[EventType "swiss"]
[EventRounds "7"]
[EventCountry "CAN"]
[SourceTitle "LesEchecs.com"]
[Source "LesEchecs.com"]
[SourceDate "2003.03.18"]
[SourceVersion "1"]
[SourceVersionDate "2003.01.01"]
[SourceQuality "1"]

1. e4 c5 2. Nf3 Nc6 3. d4 cxd4 4. Nxd4 g6 5. Nxc6 bxc6 6. Qd4 Nf6 7. e5 Nd5 8. e6 Nf6 9. exd7+ Bxd7 10. Bc4 Bg7 11. O-O O-O 12. Qh4 Qb6 13. Bb3 Rad8 14. Be3 Qc7 15. Bf4 Qb6 16. Be3 Qb7 17. Nc3 Bf5 18. h3 Nd5 19. Nxd5 cxd5 20. Bh6 e5 21. Bxg7 Kxg7 22. Rfe1 Rfe8 23. Rxe5 Rxe5 24. Qxd8 h6 25. Rd1 Be6 26. Qa5 Rg5 27. Qc3+ d4 28. Qxd4+ Kh7 29. g4 Bxg4 30. hxg4 Qf3 31. Be6 h5 32. Rd3 Qc6 33. Qf4 f6 34. Rd7+ Kh6 35. Rc7 Qxe6 36. Rc5 Qxg4+ 37. Qxg4 Rxg4+ 38. Kh2 Rg5 39. Rxg5 Kxg5 40. c4 Kf5 41. b4 Ke5 42. a4 Kd4 43. c5 Kd5 44. Kg3 g5 45. f4 gxf4+ 46. Kxf4 a5 47. b5 Kxc5 48. Kf5 Kd6 49. Kf4 Ke6 50. Kf3 Ke5 51. Kg2 f5 52. Kg3 Kd5 53. Kh3 f4 1/2-1/2

[Event "Keres mem (29th)"]
[Site "Vancouver CAN"]
[Date "2004.05.21"]
[Round "1.9"]
[White "Ryan, Mark"]
[Black "Milicevic, Dragoljub"]
[Result "0-1"]
[WhiteElo "1968"]
[BlackElo "2209"]
[PlyCount "162"]
[GameId "2160767911145760"]
[EventDate "2004.05.21"]
[EventType "swiss"]
[EventRounds "7"]
[EventCountry "CAN"]
[SourceTitle "LesEchecs.com"]
[Source "LesEchecs.com"]
[SourceDate "2003.03.18"]
[SourceVersion "1"]
[SourceVersionDate "2003.01.01"]
[SourceQuality "1"]

1. e4 d6 2. d4 g6 3. Nc3 Bg7 4. Be3 a6 5. Qd2 Nd7 6. h4 h5 7. f3 b5 8. Nh3 Bb7 9. O-O-O Ngf6 10. Ng5 e6 11. e5 Nd5 12. Nxd5 Bxd5 13. exd6 cxd6 14. Bf4 Nf6 15. Qb4 Bf8 16. Bd3 Be7 17. Rhe1 O-O 18. Ne4 Bxe4 19. fxe4 d5 20. Qd2 dxe4 21. Bxe4 Nxe4 22. Rxe4 Qd5 23. Be5 Kh7 24. Qe2 f5 25. Rf4 Rad8 26. Kb1 Rd7 27. g3 Rc8 28. Rf3 Bf8 29. Rfd3 Rc4 30. Re1 Rc6 31. Re3 Kg8 32. Bf6 Kf7 33. Be5 Bh6 34. Rd3 Rc4 35. b3 Rc6 36. c3 a5 37. Kb2 a4 38. Qf3 axb3 39. Qxd5 exd5 40. Kxb3 Ra7 41. Bf4 Bg7 42. Bg5 Rca6 43. Rde3 Bf8 44. Ra1 Ra3+ 45. Kb2 Bd6 46. Bf4 Be7 47. Re5 b4 48. cxb4 Bxb4 49. Re3 Rxe3 50. Bxe3 Ra3 51. Bd2 Bd6 52. Bc3 Ke6 53. Re1+ Kd7 54. Re2 Ra8 55. Re3 Re8 56. Rxe8 Kxe8 57. Be1 Kd7 58. Kb3 Kc6 59. a4 f4 60. gxf4 Bxf4 61. Kc3 g5 62. hxg5 Bxg5 63. Kd3 h4 64. Ke2 h3 65. Bg3 Bf6 66. Ke3 Kb6 67. Bd6 Ka5 68. Kf3 Bxd4 69. Kg3 Kxa4 70. Bf4 Kb3 71. Kxh3 Kc3 72. Kg2 Kd3 73. Kf3 Bg7 74. Bg5 d4 75. Bf4 Kc2 76. Bg5 d3 77. Bf4 Bc3 78. Bg5 Bd2 79. Bd8 Bh6 80. Ba5 Bg7 81. Kf2 Bc3 0-1

[Event "Keres mem (29th)"]
[Site "Vancouver CAN"]
[Date "2004.05.21"]
[Round "1.10"]
[White "Tegzes, Laszlo"]
[Black "Goutor, Valentina"]
[Result "1/2-1/2"]
[WhiteElo "2203"]
[BlackElo "1899"]
[PlyCount "119"]
[GameId "2160767911145761"]
[EventDate "2004.05.21"]
[EventType "swiss"]
[EventRounds "7"]
[EventCountry "CAN"]
[SourceTitle "LesEchecs.com"]
[Source "LesEchecs.com"]
[SourceDate "2003.03.18"]
[SourceVersion "1"]
[SourceVersionDate "2003.01.01"]
[SourceQuality "1"]

1. e4 c5 2. d4 cxd4 3. c3 dxc3 4. Nxc3 d6 5. Nf3 Nc6 6. Bc4 a6 7. O-O Nf6 8. Qe2 b5 9. Bb3 Ra7 10. Be3 Rd7 11. Rac1 Bb7 12. Rfd1 Na5 13. Bd5 g6 14. Bxb7 Nxb7 15. e5 dxe5 16. Rxd7 Nxd7 17. Nd5 Bg7 18. Nc7+ Kf8 19. Nxa6 Nd6 20. Nc7 Qb8 21. Nxb5 f6 22. Nxd6 exd6 23. Qc4 Ke7 24. b4 Qb7 25. a4 Rb8 26. b5 d5 27. Qb4+ Kf7 28. Qb3 Ke8 29. h3 Bf8 30. Rd1 d4 31. Qe6+ Kd8 32. Bd2 Qa7 33. Qb3 Nc5 34. Qd5+ Ke8 35. Rb1 Qxa4 36. Qc6+ Nd7 37. Qe6+ Kd8 38. b6 Qa6 39. Qf7 Rxb6 40. Rc1 Rc6 41. Ba5+ Qxa5 42. Rxc6 e4 43. Qe6 exf3 44. gxf3 Qg5+ 45. Kf1 Qf5 46. Qc4 Qxf3 47. Rc8+ Ke7 48. Qxd4 Qxh3+ 49. Kg1 h5 50. Qb4+ Kf7 51. Qb7 Bd6 52. Qd5+ Qe6 53. Qb7 Be7 54. Rc6 Qg4+ 55. Kf1 Qd1+ 56. Kg2 Ne5 57. Rc3 h4 58. Qa8 Qg4+ 59. Kf1 h3 60. Qa2+ 1/2-1/2

[Event "Keres mem (29th)"]
[Site "Vancouver CAN"]
[Date "2004.05.21"]
[Round "1.11"]
[White "Daroza, Eduardo"]
[Black "Fullbrook, Nigel"]
[Result "0-1"]
[WhiteElo "2137"]
[BlackElo "2157"]
[PlyCount "100"]
[GameId "2160767911145762"]
[EventDate "2004.05.21"]
[EventType "swiss"]
[EventRounds "7"]
[EventCountry "CAN"]
[SourceTitle "LesEchecs.com"]
[Source "LesEchecs.com"]
[SourceDate "2003.03.18"]
[SourceVersion "1"]
[SourceVersionDate "2003.01.01"]
[SourceQuality "1"]

1. Nf3 d5 2. c4 d4 3. g3 c5 4. Bg2 Nc6 5. d3 e5 6. O-O Bd6 7. e3 Nge7 8. Na3 O-O 9. exd4 exd4 10. Ng5 Bf5 11. Ne4 b6 12. Nxd6 Qxd6 13. Re1 Rae8 14. Bf4 Qd7 15. Nc2 Ng6 16. Bc1 Nce5 17. Re4 Bxe4 18. Bxe4 f5 19. Bd5+ Kh8 20. f4 Ng4 21. b4 Ne7 22. Bf3 Qa4 23. h3 Nf6 24. Qd2 Qd7 25. bxc5 bxc5 26. Ba3 Qc7 27. Rb1 Rb8 28. Re1 Rfe8 29. Re5 Nd7 30. Re6 Ng8 31. Rc6 Qb7 32. Kg2 Qb1 33. Rc7 Ngf6 34. Rxa7 Re6 35. Kf2 Qb6 36. Qa5 Qb1 37. Qd2 h5 38. Qd1 Qb6 39. Ra8 Rxa8 40. Bxa8 h4 41. Bf3 hxg3+ 42. Kxg3 Qa7 43. Qd2 Nf8 44. h4 Ra6 45. Qc1 Ne6 46. h5 Qc7 47. Qd2 Kh7 48. Qc1 Kh6 49. Kh4 Ra5 50. Qg1 Qxf4+ 0-1